000
00354nam a2200133Ia 4500
008
151001s9999||||xx |||||||||||||| ||und||
100
_a
नंदन अवध
245
_a
बालकृष्ण
250
_a
3
260
_b
दक्षिण भारत हिंदी प्रचारक
260
_c
1937
300
_a
76
365
_b
7
999
_c
949486
_d
949483